[Event "Istanbul Open 2017"]
[Site "Istanbul"]
[Date "2017.09.17"]
[Round "9"]
[White "Abasov, Nijat"]
[Black "Bogdanovich, Stanislav"]
[Result "1/2-1/2"]
[WhiteElo "2575"]
[BlackElo "2593"]
[Annotator "TA"]
[PlyCount "150"]
[EventDate "2017.??.??"]
[EventType "swiss"]
[EventCountry "TUR"]
[SourceTitle "playchess.com"]
[Source "ChessBase"]
[SourceQuality "1"]

{[%evp 22,150,14,10,38,31,32,22,26,19,25,30,32,32,37,23,24,41,36,6,54,49,46,0,65,51,95,76,133,-34,-36,-36,-35,-37,-29,-57,-45,-64,-66,-58,-10,-27,0,-27,-31,-23,-24,-24,-25,-25,-21,-20,-20,-22,-19,-13,-18,-15,-16,-21,-21,-21,-20,-31,0,0,0,0,0,0,0,0,0,0,0,-6,0,-2,0,0,0,0,0,0,0,0,0,0,0,0,0,0,0,0,0,0,0,0,0,0,0,0,0,0,0,0,0,0,0,0,0,0,0,0,0,0,0,0,0,0,0,0,0,0,0,0,0,0,0,0,0]} 1. c4 e5 2. g3 g6 3. Bg2 Bg7 4. Nc3 Nf6 5. e4 O-O 6. Nge2 d6 7. d4 exd4 8. Nxd4 Nc6 9. Nxc6 bxc6 10. O-O Nd7 11. Qc2 Qf6 12. Ne2 {LiveBook: 7 Games. A42: Modern Defence: Averbakh Variation} Nc5 $146 ({Predecessor:} 12... Re8 13. Rb1 Qe7 14. Re1 Nc5 15. Nf4 a5 16. Bd2 a4 17. b4 axb3 18. axb3 Bd7 19. b4 Ne6 20. Nxe6 Qxe6 21. Be3 h5 {½-½ (21) Shimanov,A (2516)-Tkachiev,V (2636) Warsaw 2010}) 13. Rb1 a5 14. b3 {White is slightly better.} Qe7 15. Be3 f5 {[%cal Rc5e4]} 16. Bxc5 dxc5 17. e5 Qxe5 18. Bxc6 Ra6 19. Bd5+ Kh8 20. Rfe1 Rd6 21. Nf4 Qf6 22. Rbd1 Rfd8 (22... g5 $11 23. Nd3 f4) 23. Qe2 Bd7 24. Bf3 Rd4 {[#]} ({Better is} 24... a4) 25. Ne6 $2 (25. Rxd4 $1 $16 cxd4 26. Qd2) 25... Bxe6 $15 26. Rxd4 cxd4 27. Qxe6 d3 28. Qxf6 Bxf6 $11 {[%mdl 4096] Endgame KRB-KRB} 29. Re6 Bc3 30. Kf1 c6 31. Kg2 ({Much weaker is} 31. Rxc6 d2 $17) 31... Bb4 32. Rxc6 d2 33. Bd1 Re8 {And now ...Re1 would win.} 34. Bf3 $1 g5 35. h3 h5 {White must now prevent ...g4.} 36. Rh6+ Kg7 37. Rxh5 Kg6 38. g4 $1 Re1 {Strongly threatening ...fxg4.} 39. gxf5+ Kf6 40. h4 gxh4 41. Rxh4 d1=Q 42. Rh6+ Kg7 {( -> ...Rg1+)} 43. Rg6+ {The position is equal.} Kf7 44. Bxd1 Rxd1 {KRB-KR} 45. Ra6 Ra1 46. f4 Rxa2+ 47. Kf3 Rb2 48. Ke4 Rxb3 49. Ra7+ Kf6 {aiming for ...Re3+!} 50. Ra6+ Ke7 {Threatens to win with ...Rc3.} 51. f6+ $1 Kd7 {Hoping for ...Rh3.} 52. Ra7+ Ke6 53. Ra6+ Kd7 54. Ra7+ Ke8 55. Ra8+ Kf7 56. Kf5 Re3 (56... Rd3 $5 {[%cal Rd3d7]} 57. Ra7+ Ke8 $17) 57. Ra7+ Kf8 58. Kg6 Re1 59. Ra8+ (59. c5 $5) 59... Re8 60. Ra7 {Intending Rh7 and mate.} Rd8 {[#]} 61. c5 $1 {[%mdl 512]} Bxc5 62. Rxa5 Rc8 63. Rb5 Kg8 64. Rb7 {Rg7+ is the strong threat.} Bf8 65. f5 {White wants to mate with f7+.} Rc6 66. Rb8 Rc7 67. Ra8 (67. f7+ $5 Rxf7 68. f6 $11) 67... Rb7 68. Rc8 (68. f7+ $5 Rxf7 69. f6 $11) 68... Ra7 69. Rb8 (69. f7+ $5 Rxf7 70. f6 $11) 69... Rd7 70. Ra8 (70. f7+ $5 Rxf7 71. f6 $11) 70... Rc7 71. Rb8 Rh7 72. Rxf8+ Kxf8 73. Kxh7 Kf7 74. Kh8 Kxf6 75. Kg8 Kxf5 {Precision: White = 75%, Black = 60%.} 1/2-1/2

[Event "Istanbul Open 2017"]
[Site "Istanbul"]
[Date "2017.09.17"]
[Round "9"]
[White "Benidze, Davit"]
[Black "Maghalashvili, Davit"]
[Result "1-0"]
[WhiteElo "2520"]
[BlackElo "2512"]
[Annotator "TA"]
[PlyCount "133"]
[EventDate "2017.??.??"]
[EventType "swiss"]
[EventCountry "TUR"]
[SourceTitle "playchess.com"]
[Source "ChessBase"]
[SourceQuality "1"]

{[%evp 27,133,54,66,44,60,52,54,-21,-21,-49,0,-89,63,57,51,39,49,-12,-20,-14,-14,-9,-13,-16,-11,-6,0,0,0,0,0,-18,-21,-15,51,22,23,18,24,22,52,33,39,2,0,0,0,0,0,0,0,0,0,0,0,0,0,-15,0,0,0,0,0,0,0,-469,1425,1094,0,0,48,48,1447,0,29979,29978,29978,1490,1490,1490,1483,1483,1483,1483,1468,1476,1468,1468,710,703,1468,1468,1461,1461,1461,1454,1454,1447,1454,1418,1410,1377,1310,1330,10007,7479,29981,29982]} 1. d4 Nf6 2. c4 e6 3. Nf3 c5 4. d5 exd5 5. cxd5 d6 6. Nc3 g6 7. Bf4 a6 8. a4 Bg7 9. e3 O-O 10. h3 Qe7 {A61: Modern Benoni: Nf3 without early e4} 11. Be2 Nbd7 12. O-O Ne8 13. Nd2 Ne5 14. Qb3 f5 {LiveBook: 5 Games} 15. Bh2 {[#]} Nf6 $146 ({Predecessor:} 15... g5 16. Rfe1 Kh8 17. f4 Ng6 18. Bh5 {0-1 (37) Simantsev,M (2477)-Lubbe,N (2509) Lueneburg 2017}) 16. Rae1 Re8 17. f4 (17. Rc1 $14) 17... Nf7 18. Bf3 Qc7 (18... b5 $5) 19. Nc4 {[#]} (19. e4 $11 {remains equal.} fxe4 20. Ndxe4) 19... Bd7 $2 (19... b5 $1 $17 {[%cal Rb5c4][%mdl 512]} 20. axb5 axb5 21. Qxb5 (21. Nxb5 Qb7 $15) 21... Ba6) 20. Nb6 Rad8 21. Kh1 Re7 22. e4 ({Better is} 22. a5 $14) 22... fxe4 $11 23. Nxd7 Qxd7 24. Nxe4 Nxe4 25. Rxe4 Rxe4 26. Bxe4 Re8 27. Qc2 $1 Qe7 28. Bd3 Qf6 29. b3 Nh6 30. f5 gxf5 (30... Nxf5 $11 31. Qb1 Qg5 32. Bxf5 gxf5 33. Rxf5 Qg6) 31. Bf4 Kh8 32. Qf2 Nf7 33. Bg3 Ne5 34. Bxf5 Rf8 35. Bh4 Qh6 36. Qg3 Bf6 37. Be4 Bxh4 38. Rxf8+ Qxf8 39. Qxh4 {[%csl Ge4][%cal Rh4h7]} h6 40. a5 Kg7 41. Kh2 Qf6 42. Qg3+ Qg5 43. h4 Qxg3+ 44. Kxg3 {[%mdl 4096] Endgame KB-KN} Kf6 45. Kf4 c4 46. b4 $2 {[%mdl 8192]} (46. Bc2 $1 $11) 46... Nd3+ $4 {[%mdl 8192]} (46... Ng6+ $19 47. Bxg6 Kxg6) 47. Bxd3 $1 $18 cxd3 {KP-KP} 48. Ke3 Kf5 {Strongly threatening ...Kg4.} 49. Kxd3 {Threatens to win with Ke3.} Kg4 $2 {[%mdl 8192]} (49... Kf4 $14) 50. Ke3 $2 (50. Ke4 $18 h5 51. g3 $1 {[%mdl 512]} Kxg3 52. Kf5 Kxh4 53. Ke6) 50... Kxh4 $2 {[%mdl 8192]} (50... Kg3 $11) 51. Kf4 h5 52. Kf5 (52. g3+ $142 Kh3 53. Kf3 Kh2 54. g4 hxg4+ 55. Kxg4 Kg2 56. Kf5 Kf3 57. Ke6) 52... Kg3 {[#]} 53. Ke6 $1 h4 54. Kxd6 Kxg2 {K3P-K3P} 55. Kc7 h3 56. d6 h2 57. d7 h1=Q 58. d8=Q {Qd5+ is the strong threat. KQ-KQ} Kf2 59. Qd2+ Kg3 60. Qe3+ Kg4 61. Qb6 Qh7+ 62. Kb8 Qg8+ 63. Ka7 {aiming for Qg1+.} Qc4 64. Kxb7 Qd5+ 65. Qc6 Qd3 66. b5 axb5 67. a6 {Precision: White = 56%, Black = 38%.} 1-0

[Event "Istanbul Open 2017"]
[Site "Istanbul"]
[Date "2017.09.17"]
[Round "9"]
[White "Bashirli, Nail"]
[Black "Kocak, Can"]
[Result "1-0"]
[WhiteElo "2352"]
[BlackElo "1971"]
[Annotator "TA"]
[PlyCount "85"]
[EventDate "2017.??.??"]
[EventType "swiss"]
[EventCountry "TUR"]
[SourceTitle "playchess.com"]
[Source "ChessBase"]
[SourceQuality "1"]

{[%evp 16,85,22,15,21,14,45,-33,6,-67,-56,-53,-61,-66,-55,-59,-43,-76,0,-126,0,0,0,-112,-14,-14,41,47,48,38,37,41,50,55,67,68,113,48,48,48,75,84,104,95,94,94,126,130,123,122,185,154,233,177,170,170,424,436,429,402,982,922,12571,6498,29963,1007,29982,29952,29968,5957,5916,5558]} 1. e4 c5 2. Nf3 e6 3. Nc3 Nc6 4. d4 cxd4 5. Nxd4 a6 6. Be3 Qc7 7. g3 Nf6 8. Bg2 {B48: Sicilian: Taimanov: 5 Nc3 Qc7 6 Be3 a6 without Be2} Ne5 (8... Be7 9. O-O O-O 10. f4 d6 11. a4 Na5 12. Kh1 Nc4 13. Bc1 Bd7 14. g4 g6 15. g5 Nh5 16. f5 Ne5 17. Bh3 Qc4 18. Be3 Rfe8 19. Rf2 Bf8 20. Bf1 Qb4 {0-1 (75) Gomez Sanchez,J (2446)-Albornoz Cabrera,C (2471) Mayabeque 2016}) 9. O-O {LiveBook: 4 Games} Nc4 10. Bc1 {The position is equal.} Bb4 $146 ({Find the theoretical novelty and annotate with similar games:} 10... d6 11. b3 Ne5 12. Bb2 Be7 13. Kh1 Bd7 14. Qe2 Nc6 15. Rad1 Nxd4 16. Rxd4 {1-0 (64) Omidi,A (2257)-Mojaverian,H (2126) Rasht 2015}) 11. f4 (11. Na4 $14) 11... Nxb2 (11... Bxc3 $5 12. bxc3 d6 $15) 12. Ncb5 (12. Bxb2 $11 Bxc3 13. Bxc3 Qxc3 14. e5) 12... axb5 $15 13. Bxb2 d6 $1 14. Kh1 Bd7 15. a3 Bc5 16. Nb3 e5 (16... Bc6 $17 17. Nxc5 dxc5) 17. Qd2 (17. fxe5 $11 {remains equal.} dxe5 18. Nxc5 Qxc5 19. Qd2) 17... Ng4 (17... Bb6 $17 18. fxe5 dxe5) 18. fxe5 $11 dxe5 {And now ...Bb6 would win.} 19. h3 {[#]} (19. Nxc5 $11 {was the only way to keep the balance.} Qxc5 20. Rxf7) 19... Ne3 (19... Be3 $1 $17 {[%cal Re3d2]} 20. Qe2 (20. Qd5 $2 Bc6 $19) 20... h5) 20. Nxc5 Nxf1 (20... Qxc5 $11 21. Qf2 f5) 21. Qxd7+ $14 Qxd7 22. Nxd7 Nxg3+ 23. Kh2 {Hoping for Nb6.} Kxd7 24. Kxg3 f6 25. Bf1 {[%mdl 1024] White has compensation.} Kc6 {[#]} 26. Bd3 (26. Bc3 $1 $16) 26... Ra4 27. Kf3 Rha8 {Threatens to win with ...b4.} 28. Rg1 g6 29. h4 {[%cal Bh3h4,Bh4h5][%mdl 32]} b4 30. axb4 Rxb4 31. Bc3 Rb6 32. h5 Ra3 (32... g5 $16) 33. Bd2 g5 (33... gxh5 $16 34. Rh1 Rb2) 34. Kg4 Kd7 35. Kf5 Ke8 $2 (35... Kc7 {was called for.} 36. Rd1 Kb8) 36. Be3 $18 Rc6 37. Rb1 Rd6 (37... Rc7 $142 38. Kxf6 h6 39. Kxe5 Ke7) 38. Rxb7 Raxd3 39. cxd3 Rxd3 40. Bc5 g4 41. Kxg4 Rc3 42. Bd6 (42. Be7 $142 h6 43. Bxf6 Rc1 44. Bxe5 Rc4 45. Kf5 Rc5 46. Ke6 Rc6+ 47. Bd6) 42... Rc6 43. Bb4 {Precision: White = 63%, Black = 25%.} 1-0

[Event "Istanbul Open 2017"]
[Site "Istanbul"]
[Date "2017.09.17"]
[Round "9"]
[White "Guseynov, Alihan"]
[Black "Shanava, Konstantine"]
[Result "1-0"]
[WhiteElo "2333"]
[BlackElo "2504"]
[Annotator "TA"]
[PlyCount "49"]
[EventDate "2017.??.??"]
[EventType "swiss"]
[EventCountry "TUR"]
[SourceTitle "playchess.com"]
[Source "ChessBase"]
[SourceQuality "1"]

{[%evp 22,49,156,137,142,129,165,165,261,258,277,277,277,277,277,277,274,272,263,261,261,246,247,231,237,230,233,236,227,233]} 1. d4 d6 2. e4 {[%cal Be2e4,Be4e5,Be5e6][%mdl 32]} Nf6 {[%cal Bg8f6,Bf6d7,Bd7b6,Bb6c4][%mdl 32]} 3. Nc3 g6 4. f4 Bg7 5. Nf3 O-O 6. e5 Nfd7 7. Bc4 c5 {B09: Pirc Defence: Austrian Attack} (7... Nb6 8. Bb3 Nc6 9. a4 a5 10. Be3 Nb4 11. O-O c6 12. Ne4 N4d5 13. Bd2 Kh8 14. Qe1 Bf5 15. Ng3 Be6 16. Ng5 Nc7 17. Bxa5 Bxb3 18. Bxb6 {½-½ (57) Grandelius,N (2642)-Bezold,M (2502) Germany 2017}) 8. e6 Nb6 9. exf7+ Kh8 10. h4 Nxc4 11. h5 Bf5 12. hxg6 $1 {LiveBook: 3 Games} Bxg6 {[#]} 13. f5 $1 {[%cal Rf5g6][%mdl 512]} Bxf5 {And now ...Bf6 would win.} 14. Ng5 $1 Qd7 (14... cxd4 15. Rxh7+ $1 {[%mdl 512]} (15. Nxh7 Rxf7 16. Nf6+ Bh6 $18) 15... Bxh7 16. Qh5 $18) (14... Qc8 {keeps fighting.}) 15. Qh5 $1 $18 {[%cal Rh5h7]} h6 $146 {[#]} 16. d5 $1 Ne5 {Hoping for ...Bg6.} 17. Ne6 $1 Rxf7 {Strongly threatening ...Bg4.} 18. Bxh6 Bxh6 19. Qxh6+ Bh7 20. Ne4 {N4g5 would kill now.} Qe8 ({Much weaker is} 20... Qa4 21. N4g5 $18) 21. N4g5 {[%cal Rg5h7]} Qg8 {White is clearly better.} 22. Nxf7+ Nxf7 {[#]} 23. Qxh7+ $1 Qxh7 24. Rxh7+ Kxh7 25. Nc7 1-0

[Event "Istanbul Open 2017"]
[Site "Istanbul"]
[Date "2017.09.17"]
[Round "9"]
[White "Iyti, Basher"]
[Black "Eren, Ataberk"]
[Result "0-1"]
[WhiteElo "2303"]
[BlackElo "2064"]
[Annotator "TA"]
[PlyCount "70"]
[EventDate "2017.??.??"]
[EventType "swiss"]
[EventCountry "TUR"]
[SourceTitle "playchess.com"]
[Source "ChessBase"]
[SourceQuality "1"]

{[%evp 9,69,16,14,12,13,-8,12,0,0,0,0,-1,30,0,0,-9,-8,-8,0,-4,-2,-27,8,-22,-18,-5,-8,-72,-71,-57,-61,-96,-91,-141,-130,-108,-98,-162,-164,-340,-341,-392,-296,-303,-294,-467,-494,-841,-832,-818,-812,-951,-612,-594,-587,-1004,-983,-29992,-29993,-29993,-29994,-29999]} 1. e3 e5 2. Nf3 Nc6 3. d4 exd4 4. exd4 d5 5. Bf4 Bg4 (5... Bd6 6. Bxd6 Qxd6 7. Nbd2 Nge7 8. c3 O-O 9. Bd3 Ng6 10. O-O Nf4 11. Qc2 Nxd3 {½-½ (11) Lin,C (2494)-Ganguly,S (2631) Al Ain 2015}) 6. Be2 {C01: French: Exchange Variation} Bd6 7. Bg3 Nf6 (7... Bxf3 $5 8. Bxf3 Qe7+ 9. Kf1 Nf6 $11) 8. O-O {The position is equal.} O-O 9. Nbd2 Ne4 10. c3 f5 $146 ({Predecessor:} 10... Nxg3 11. hxg3 Re8 12. Bd3 Qf6 13. Qc2 Qh6 {1-0 (65) Snoeks,M (1706)-Apemiye,A (2060) Lommel 2012}) 11. Bxd6 Qxd6 12. Re1 Rae8 13. Nf1 Re6 14. N3d2 {[#] aiming for Nxe4.} Bxe2 15. Qxe2 Rg6 16. f3 Ng5 {...Nh3+ is the strong threat.} 17. Kh1 Ne6 {And now ...Nf4 would win.} 18. g3 (18. Ne3 $11 {remains equal.}) 18... f4 $36 {[%cal Rf4g3][%mdl 2048] Black is really pushing.} 19. g4 {[#]} h5 $1 {[%mdl 512]} 20. gxh5 Rh6 21. b4 Rf5 22. Nb3 b6 23. Qd3 (23. Nc1 $17) 23... Rfxh5 $19 24. Rad1 $2 (24. Re2) 24... Ne7 25. Re5 Rxe5 26. dxe5 Qxe5 27. c4 (27. Rd2 $142) 27... Ng5 28. cxd5 (28. Rd2 $142 Qe1 29. Rg2) 28... Nh3 29. Rd2 Qe1 {( -> ...Rg6)} (29... Qg5 $2 30. Rg2 $17) 30. Kg2 Rg6+ 31. Kxh3 {Black must now prevent Qe2.} Qe5 {[%cal Re5h5]} 32. Ng3 fxg3 {[%cal Bf4g3,Bg3h2][%mdl 32]} 33. f4 Qh5+ {Black mates.} 34. Kg2 gxh2+ 35. Kh1 Rg1# {Precision: White = 29%, Black = 79%.} 0-1

[Event "Istanbul Open 2017"]
[Site "Istanbul"]
[Date "2017.09.17"]
[Round "9"]
[White "Erden, Kadir"]
[Black "Yaylali, Adnan Dogan"]
[Result "1-0"]
[WhiteElo "2283"]
[BlackElo "1873"]
[Annotator "ChessBase"]
[PlyCount "147"]
[EventDate "2017.??.??"]
[EventType "swiss"]
[EventCountry "TUR"]
[SourceTitle "playchess.com"]
[Source "ChessBase"]
[SourceQuality "1"]
[TimeControl "5400+30"]

1. e4 {[%emt 0:00:30]} e5 {[%emt 0:02:00]} 2. Nf3 {[%emt 0:00:30]} Nc6 {[%emt 0:00:30]} 3. Bc4 {[%emt 0:00:00]} Nf6 {[%emt 0:00:00]} 4. d3 {[%emt 0:00:00]} Be7 {[%emt 0:00:00]} 5. O-O {[%emt 0:00:30]} O-O {[%emt 0:00:30]} 6. Re1 {[%emt 0:00:00]} d6 {[%emt 0:00:30]} 7. a4 {[%emt 0:00:00]} h6 {[%emt 0:01:30]} 8. a5 {[%emt 0:01:30]} a6 {[%emt 0:00:00]} 9. Nbd2 {[%emt 0:00:30]} Re8 {[%emt 0:00:00]} 10. Nf1 {[%emt 0:00:30]} Nh7 {[%emt 0:01:30]} 11. c3 {[%emt 0:01:30]} Ng5 {[%emt 0:05:30]} 12. Ne3 {[%emt 0:02:30]} Be6 {[%emt 0:01:30]} 13. Bd5 {[%emt 0:04:30]} Qd7 {[%emt 0:00:30]} 14. Nd2 {[%emt 0:11:30]} Nd8 {[%emt 0:02:30]} 15. Bxe6 {[%emt 0:06:30]} Ndxe6 {[%emt 0:03:30]} 16. Nd5 {[%emt 0:00:30]} Bd8 {[%emt 0:08:30]} 17. Nc4 {[%emt 0:01:30]} Nf8 {[%emt 0:00:00]} 18. h3 {[%emt 0:09:30]} Ng6 {[%emt 0:03:00]} 19. Qg4 {[%emt 0:01:30]} Qxg4 {[%emt 0:02:30]} 20. hxg4 {[%emt 0:00:00]} Ne6 {[%emt 0:00:30]} 21. g3 {[%emt 0:01:00]} Nc5 {[%emt 0:03:30]} 22. Rd1 {[%emt 0:00:30]} c6 {[%emt 0:10:30]} 23. Ndb6 {[%emt 0:10:30]} Bxb6 {[%emt 0:01:30]} 24. Nxb6 {[%emt 0:00:30]} Rad8 {[%emt 0:01:30]} 25. Be3 {[%emt 0:00:30]} Nd7 {[%emt 0:04:30]} 26. Na4 {[%emt 0:12:30]} Ndf8 {[%emt 0:12:30]} 27. f3 {[%emt 0:00:30]} Ne6 {[%emt 0:12:30]} 28. Kf1 {[%emt 0:00:30]} d5 {[%emt 0:03:30]} 29. Ke2 {[%emt 0:00:30]} d4 {[%emt 0:00:37]} 30. Bd2 {[%emt 0:03:30]} Ngf8 {[%emt 0:01:24]} 31. c4 {[%emt 0:01:30]} Nd7 {[%emt 0:02:19]} 32. b4 {[%emt 0:00:30]} Rb8 {[%emt 0:01:33]} 33. f4 {[%emt 0:00:30]} f6 {[%emt 0:02:07]} 34. f5 {[%emt 0:00:30]} Nc7 {[%emt 0:00:12]} 35. Rdb1 {[%emt 0:00:30]} Kf7 {[%emt 0:00:33]} 36. Rb3 {[%emt 0:01:30]} Red8 {[%emt 0:01:48]} 37. Rab1 {[%emt 0:00:30]} Re8 {[%emt 0:01:15]} 38. Kf3 {[%emt 0:01:30]} Red8 {[%emt 0:02:36]} 39. Bc1 {[%emt 0:00:30]} Re8 {[%emt 0:03:00]} 40. Nb2 {[%emt 0:02:30]} Rh8 {[%emt 0:01:26]} 41. Bd2 {[%emt 0:00:30]} Rhe8 {[%emt 0:00:37]} 42. Nd1 {[%emt 0:00:30]} Rh8 {[%emt 0:00:58]} 43. Nf2 {[%emt 0:00:30]} Rhe8 {[%emt 0:00:55]} 44. Nh3 {[%emt 0:00:30]} Red8 {[%emt 0:01:02]} 45. Ng1 {[%emt 0:00:30]} Re8 {[%emt 0:00:28]} 46. Ke2 {[%emt 0:00:00]} Ke7 {[%emt 0:05:35]} 47. Nf3 {[%emt 0:00:00]} Kf7 {[%emt 0:00:22]} 48. Ne1 {[%emt 0:00:30]} Ke7 {[%emt 0:00:30]} 49. Nc2 {[%emt 0:00:30]} Kd6 {[%emt 0:00:40]} 50. Na3 {[%emt 0:02:30]} Red8 {[%emt 0:00:30]} 51. R3b2 {[%emt 0:06:44]} Rdc8 {[%emt 0:00:11]} 52. b5 {[%emt 0:07:36]} c5 {[%emt 0:00:15]} 53. Nc2 {[%emt 0:01:28]} Rd8 {[%emt 0:00:30]} 54. Ne1 {[%emt 0:00:18]} Rf8 {[%emt 0:00:29]} 55. Nf3 {[%emt 0:00:07]} Rfc8 {[%emt 0:00:29]} 56. Ra2 {[%emt 0:00:10]} Rd8 {[%emt 0:00:27]} 57. Rab2 {[%emt 0:00:54]} Rdc8 {[%emt 0:00:07]} 58. Rh1 {[%emt 0:01:41]} Ra8 {[%emt 0:01:29]} 59. Rbb1 {[%emt 0:00:16]} Rd8 {[%emt 0:00:33]} 60. Rh5 {[%emt 0:00:23]} Rab8 {[%emt 0:00:30]} 61. b6 {[%emt 0:00:29]} Ne8 {[%emt 0:00:23]} 62. Rbh1 {[%emt 0:00:29]} Rbc8 {[%emt 0:00:29]} 63. R5h2 {[%emt 0:00:51]} Nb8 {[%emt 0:00:28]} 64. Bxh6 {[%emt 0:01:52]} gxh6 {[%emt 0:00:12]} 65. Rxh6 {[%emt 0:00:04]} Nc6 {[%emt 0:00:57]} 66. g5 {[%emt 0:01:16]} Rd7 {[%emt 0:00:13]} 67. g4 {[%emt 0:00:35]} Rf7 {[%emt 0:00:45]} 68. gxf6 {[%emt 0:00:28]} Rxf6 {[%emt 0:00:27]} 69. g5 {[%emt 0:00:05]} Rxh6 {[%emt 0:00:11]} 70. Rxh6+ {[%emt 0:00:07]} Ke7 {[%emt 0:00:16]} 71. Rh7+ {[%emt 0:00:10]} Kf8 {[%emt 0:00:13]} 72. Nh4 {[%emt 0:00:35]} Rd8 {[%emt 0:00:43]} 73. f6 {[%emt 0:00:29]} Nd6 {[%emt 0:01:46]} 74. g6 {[%emt 0:00:30]} 1-0

[Event "Istanbul Open 2017"]
[Site "Istanbul"]
[Date "2017.09.17"]
[Round "9"]
[White "Grigoriev, Armen"]
[Black "Petrov, Marian"]
[Result "0-1"]
[WhiteElo "2143"]
[BlackElo "2470"]
[Annotator "TA"]
[PlyCount "76"]
[EventDate "2017.??.??"]
[EventType "swiss"]
[EventCountry "TUR"]
[SourceTitle "playchess.com"]
[Source "ChessBase"]
[SourceQuality "1"]

{[%evp 18,76,12,8,29,2,8,9,18,0,5,-56,-70,-64,-78,-60,-51,-77,-73,-68,-81,-55,-53,-70,-62,-77,-77,-81,-35,-50,-47,-36,-35,-57,-51,-56,-47,-146,-48,-114,-82,-154,-149,-141,-156,-225,-225,-225,-225,-231,-231,-433,-433,-432,-432,-425,-425,-516,-463,-611,-606]} 1. e4 c5 2. Nf3 Nc6 3. Nc3 e5 4. Bc4 d6 5. O-O Be7 6. d3 Nf6 7. h3 O-O 8. a3 Be6 {B30: Sicilian: 2...Nc6 3 Bb5, lines without ...g6} (8... a6 9. Re1 b5 10. Ba2 h6 11. Nd5 Nd4 12. c3 Nxf3+ 13. Qxf3 Nxd5 14. Bxd5 Rb8 15. Be3 Bg5 16. b4 Bxe3 17. Qxe3 {½-½ (29) Demchenko,A (2632)-Wang,H (2678) Subic Bay 2016}) 9. Nd5 Bxd5 10. exd5 {LiveBook: 3 Games} Nb8 {The position is equal.} 11. b4 Nbd7 12. Bb3 e4 $146 ({Predecessor:} 12... cxb4 13. axb4 a5 14. Bd2 axb4 15. Rxa8 Qxa8 16. Bxb4 {½-½ (31) Kovalev,A (2526)-Cox,J (2360) Vilnius 2015}) 13. dxe4 Nxe4 14. Re1 (14. Bb2 $11) 14... Bf6 $15 {And now ...Nxf2 would win.} 15. Rxe4 {Threatens to win with Ra2.} Bxa1 16. Bf4 {[#]} Be5 $1 17. Bxe5 (17. Nxe5 dxe5) 17... dxe5 18. Nxe5 Nxe5 19. Rxe5 Qd6 20. Re4 Rfe8 (20... Rae8 $5 {[%cal Re8e4]} 21. Qe1 Rxe4 22. Qxe4 g6 $17) 21. bxc5 Qxc5 22. Rf4 Qd6 23. g3 $1 Rad8 $36 {[%mdl 2048] Black fights for an advantage.} 24. a4 b6 25. h4 Qe5 26. Kg2 Rd6 {[#]} 27. Qf3 {[#]} (27. a5 $1 $15 {[%mdl 512]}) 27... Re7 {[#]} ({Black should play} 27... Rf6 $1 $17 28. Rxf6 Qxf6) 28. Qg4 (28. a5 $1 $15 {[%mdl 512]}) 28... g6 $17 29. h5 (29. Qf3 $142) 29... Kg7 30. hxg6 hxg6 ({Much weaker is} 30... Rxg6 $6 31. Qh4 $15) 31. Qf3 (31. a5 $17) 31... Rf6 $19 32. Rxf6 Qxf6 {[%mdl 4096] Endgame KQR-KQB} 33. Qg4 Re1 34. Qf4 $2 (34. Qc4) 34... Qxf4 {Black is clearly winning.} 35. gxf4 f5 36. Kf3 Kf6 37. Kg3 Re4 38. Kf3 Ke7 {Precision: White = 26%, Black = 85%.} 0-1

[Event "Istanbul Open 2017"]
[Site "Istanbul"]
[Date "2017.09.17"]
[Round "9"]
[White "Erdogan, Anil Berk"]
[Black "Nuri, Murad"]
[Result "1/2-1/2"]
[WhiteElo "2106"]
[BlackElo "2285"]
[Annotator "ChessBase"]
[PlyCount "104"]
[EventDate "2017.??.??"]
[EventType "swiss"]
[EventCountry "TUR"]
[SourceTitle "playchess.com"]
[Source "ChessBase"]
[SourceQuality "1"]
[TimeControl "5400+30"]

1. e4 {[%emt 0:00:00]} c5 {[%emt 0:08:00]} 2. Nf3 {[%emt 0:00:00]} d6 {[%emt 0:01:30]} 3. Bb5+ {[%emt 0:02:30]} Nd7 {[%emt 0:00:30]} 4. d4 {[%emt 0:00:30]} Ngf6 {[%emt 0:04:30]} 5. Qd3 {[%emt 0:21:30]} a6 {[%emt 0:07:30]} 6. Bxd7+ {[%emt 0:02:30]} Nxd7 {[%emt 0:00:30]} 7. c4 {[%emt 0:04:30]} cxd4 {[%emt 0:08:30]} 8. Qxd4 {[%emt 0:01:30]} Nc5 {[%emt 0:06:30]} 9. Nc3 {[%emt 0:03:30]} e5 {[%emt 0:01:30]} 10. Qe3 {[%emt 0:02:30]} f5 {[%emt 0:08:30]} 11. b4 {[%emt 0:07:30]} f4 {[%emt 0:01:30]} 12. Qe2 {[%emt 0:01:30]} Nd7 {[%emt 0:01:30]} 13. g3 {[%emt 0:04:30]} fxg3 {[%emt 0:05:30]} 14. hxg3 {[%emt 0:03:30]} Be7 {[%emt 0:00:30]} 15. Nh4 {[%emt 0:01:30]} Bxh4 {[%emt 0:03:30]} 16. Rxh4 {[%emt 0:00:30]} Nf6 {[%emt 0:00:30]} 17. Bg5 {[%emt 0:09:30]} O-O {[%emt 0:06:30]} 18. Nd5 {[%emt 0:09:30]} Be6 {[%emt 0:00:30]} 19. Bxf6 {[%emt 0:08:07]} gxf6 {[%emt 0:00:30]} 20. Qh5 {[%emt 0:10:09]} Rf7 {[%emt 0:00:00]} 21. Kf1 {[%emt 0:03:11]} b5 {[%emt 0:06:00]} 22. cxb5 {[%emt 0:01:55]} axb5 {[%emt 0:00:30]} 23. Ne3 {[%emt 0:00:33]} Qd7 {[%emt 0:00:30]} 24. Kg2 {[%emt 0:00:32]} Rg7 {[%emt 0:00:30]} 25. g4 {[%emt 0:00:31]} Qb7 {[%emt 0:09:32]} 26. f3 {[%emt 0:00:26]} Rg5 {[%emt 0:00:05]} 27. Qh6 {[%emt 0:00:10]} Rf8 {[%emt 0:00:09]} 28. Rah1 {[%emt 0:00:29]} Rf7 {[%emt 0:00:27]} 29. Rh5 {[%emt 0:00:46]} Rgg7 {[%emt 0:00:21]} 30. R5h2 {[%emt 0:00:29]} d5 {[%emt 0:08:39]} 31. exd5 {[%emt 0:00:47]} Bxd5 {[%emt 0:00:30]} 32. Nxd5 {[%emt 0:00:03]} Qxd5 {[%emt 0:00:30]} 33. Kg3 {[%emt 0:00:30]} f5 {[%emt 0:00:30]} 34. Rc1 {[%emt 0:00:30]} f4+ {[%emt 0:00:30]} 35. Kh4 {[%emt 0:00:30]} Qd8+ {[%emt 0:00:30]} 36. g5 {[%emt 0:00:30]} Rg6 {[%emt 0:00:30]} 37. Qh5 {[%emt 0:00:30]} Rfg7 {[%emt 0:00:30]} 38. Rg2 {[%emt 0:00:30]} h6 {[%emt 0:00:30]} 39. Rcg1 {[%emt 0:00:30]} e4 {[%emt 0:00:30]} 40. fxe4 {[%emt 0:00:28]} hxg5+ {[%emt 0:01:18]} 41. Kg4 {[%emt 0:00:43]} Qd7+ {[%emt 0:00:15]} 42. Kf3 {[%emt 0:00:04]} Qd3+ {[%emt 0:08:12]} 43. Kf2 {[%emt 0:00:25]} f3 {[%emt 0:00:22]} 44. Rh2 {[%emt 0:00:52]} Qe2+ {[%emt 0:00:14]} 45. Kg3 {[%emt 0:00:04]} Qe3 {[%emt 0:00:02]} 46. Rd1 {[%emt 0:01:07]} f2+ {[%emt 0:01:29]} 47. Qf3 {[%emt 0:00:00]} Qxf3+ {[%emt 0:00:00]} 48. Kxf3 {[%emt 0:00:25]} Rf7+ {[%emt 0:00:27]} 49. Ke2 {[%emt 0:00:02]} Rgf6 {[%emt 0:01:42]} 50. Rf1 {[%emt 0:00:07]} Ra6 {[%emt 0:00:09]} 51. Rg2 {[%emt 0:01:54]} Rxa2+ {[%emt 0:00:09]} 52. Ke3 {[%emt 0:00:08]} Ra3+ {[%emt 0:00:36]} 1/2-1/2